| 000 | 00338nam a2200133Ia 4500 | ||
|---|---|---|---|
| 005 | 20260326100027.0 | ||
| 008 | 260326s9999||||xx |||||||||||||| ||und|| | ||
| 100 | _aSerra, Rafael | ||
| 245 | 0 |
_aArquitectura y EnergĂa natural / _cRafael Serra |
|
| 260 | _bEdiciones UPC | ||
| 300 | _a395 p. | ||
| 650 | _aARQUITECTURA Y CLIMA | ||
| 942 | _cBK | ||
| 999 |
_c6446 _d6446 |
||